00365 a2200109 4500001000900000005001700009008004100026245009000067100002700157700002800184773004300212ART_590120260410161618.0260409a 10aLas nuevas normas de la C.N.V. y su impacto en la actividad de los auditores externos1 aSlosse, Carlos Alberto1 aGamondés, Santiago F.0 tEnfoquesg- Nº 11 (nov. 2007)wREV416